[Event "Pau"]
[Site "Pau"]
[Date "1988.??.??"]
[Round "4"]
[White "Lutz, Christopher"]
[Black "Koch, Jean Rene"]
[Result "1/2-1/2"]
[WhiteElo "2380"]
[BlackElo "2420"]
[PlyCount "39"]
[EventDate "1988.??.??"]
[EventType "tourn"]
[EventRounds "9"]
[EventCountry "FRA"]
[EventCategory "5"]
[Source "ChessBase"]
[SourceDate "1996.11.15"]
[WhiteTeamCountry "AND"]
[BlackTeamCountry "ECU"]

1. d4 Nf6 2. c4 c5 3. d5 b5 4. cxb5 a6 5. e3 axb5 6. Bxb5 Qa5+ 7. Nc3 Bb7 8.
Nge2 Nxd5 9. O-O Nxc3 10. Nxc3 g6 11. Bc4 Qb4 12. Qd3 Bg7 13. Nd5 Qa5 14. e4
Bxd5 15. Bxd5 Nc6 16. Bxc6 dxc6 17. e5 O-O 18. f4 f6 19. Qc4+ Kh8 20. Be3
1/2-1/2

[Event "New York op"]
[Site "New York"]
[Date "1989.??.??"]
[Round "4"]
[White "Petursson, Margeir"]
[Black "Djuric, Stefan"]
[Result "1-0"]
[WhiteElo "2530"]
[BlackElo "2475"]
[PlyCount "81"]
[EventDate "1989.03.??"]
[EventType "swiss"]
[EventRounds "9"]
[EventCountry "USA"]
[Source "ChessBase"]
[SourceDate "1996.11.15"]
[WhiteTeamCountry "AND"]
[BlackTeamCountry "ECU"]

1. d4 Nf6 2. c4 c5 3. d5 b5 4. cxb5 a6 5. e3 Bb7 6. Nc3 axb5 7. Bxb5 Qa5 8.
Nge2 Nxd5 9. O-O Nxc3 10. Nxc3 g6 11. Bc4 e6 12. e4 Qb4 13. Bb5 Bg7 14. Qd6
Bxc3 15. Bg5 c4 16. Qb6 Nc6 17. bxc3 Qa5 18. Qc5 Qa7 19. Qxc4 O-O 20. Bf6 Rfc8
21. a4 Qb8 22. e5 Nxe5 23. Qh4 h5 24. h3 Rc5 25. Rad1 Qc7 26. f4 Nc6 27. c4 Rf5
28. Ba1 Re8 29. Qf2 d6 30. Qb2 e5 31. fxe5 Rxf1+ 32. Rxf1 dxe5 33. c5 Kg7 34.
Bc4 f6 35. Qb6 Qd7 36. Rf3 Nd4 37. Qxf6+ Kh6 38. Rf2 Qxa4 39. Bxd4 exd4 40.
Qf4+ Kh7 41. Qxd4 1-0

[Event "OHRA op"]
[Site "Brussels"]
[Date "1987.??.??"]
[Round "3"]
[White "Kouatly, Bachar"]
[Black "Kerkhof, Philippe"]
[Result "1-0"]
[WhiteElo "2470"]
[BlackElo "2250"]
[PlyCount "65"]
[EventDate "1987.12.??"]
[EventType "swiss"]
[EventRounds "9"]
[EventCountry "BEL"]
[Source "ChessBase"]
[SourceDate "1996.11.15"]
[WhiteTeamCountry "AND"]
[BlackTeamCountry "ECU"]

1. d4 Nf6 2. c4 c5 3. d5 b5 4. cxb5 a6 5. e3 axb5 6. Bxb5 Qa5+ 7. Nc3 Bb7 8.
Nge2 Nxd5 9. O-O Nxc3 10. Nxc3 g6 11. Qb3 Bc6 12. Bd2 Bg7 13. Nd5 Qa7 14. Bc3
Bxd5 15. Qxd5 Bxc3 16. bxc3 O-O 17. h4 d6 18. Qg5 Qa5 19. a4 Qd8 20. Rfd1 Na6
21. e4 Nc7 22. Bc4 e6 23. Qg3 d5 24. exd5 Nxd5 25. h5 Qe8 26. a5 Nf6 27. h6 Qe7
28. Qe5 Rfd8 29. a6 Rxd1+ 30. Rxd1 Ne8 31. Bb5 f6 32. Qe4 Rd8 33. Rxd8 1-0

[Event "SWE-ch"]
[Site "Helsingborg"]
[Date "1991.??.??"]
[Round "1"]
[White "Wiedenkeller, Michael"]
[Black "Ornstein, Axel"]
[Result "1-0"]
[WhiteElo "2455"]
[BlackElo "2440"]
[PlyCount "39"]
[EventDate "1991.??.??"]
[EventType "tourn"]
[EventRounds "15"]
[EventCountry "SWE"]
[EventCategory "4"]
[Source "ChessBase"]
[SourceDate "1996.11.15"]
[WhiteTeamCountry "AND"]
[BlackTeamCountry "ECU"]

1. d4 Nf6 2. c4 c5 3. d5 b5 4. cxb5 a6 5. e3 axb5 6. Bxb5 Qa5+ 7. Nc3 Bb7 8.
Nge2 Nxd5 9. O-O Nxc3 10. Nxc3 g6 11. a4 Bg7 12. e4 O-O 13. Bg5 Qd8 14. Nd5 f6
15. Bf4 Na6 16. Bxd7 Kh8 17. Be6 Qe8 18. Qb3 Qc6 19. Nxe7 Qxe4 20. Nxg6+ 1-0

[Event "Reggio Emilia 9293"]
[Site "Reggio Emilia"]
[Date "1992.??.??"]
[Round "2"]
[White "Arlandi, Ennio"]
[Black "Manca, Federico"]
[Result "1/2-1/2"]
[WhiteElo "2435"]
[BlackElo "2390"]
[PlyCount "76"]
[EventDate "1992.12.??"]
[EventType "tourn"]
[EventRounds "11"]
[EventCountry "ITA"]
[EventCategory "9"]
[Source "ChessBase"]
[SourceDate "1996.11.15"]
[WhiteTeamCountry "AND"]
[BlackTeamCountry "ECU"]

1. d4 Nf6 2. c4 c5 3. d5 b5 4. cxb5 a6 5. e3 axb5 6. Bxb5 Qa5+ 7. Nc3 Bb7 8.
Nge2 Nxd5 9. O-O Nxc3 10. Nxc3 e6 11. e4 Bxe4 12. Bxd7+ Nxd7 13. Nxe4 Qa4 14.
Nd6+ Bxd6 15. Qxd6 Qd4 16. Bf4 e5 17. Qc6 Qa4 18. Qxa4 Rxa4 19. Be3 Ke7 20.
Rfc1 c4 21. Rc2 Rb8 22. a3 Ke6 23. Rd1 Rb7 24. g3 Nf6 25. Rd8 c3 26. Rxc3 Rxb2
27. Kg2 Ng4 28. Bc5 e4 29. h3 Nf6 30. Bd4 Rb5 31. Rc6+ Ke7 32. Bxf6+ gxf6 33.
Rdc8 Rf5 34. R8c7+ Kf8 35. Rc3 Rf3 36. Rxf3 exf3+ 37. Kxf3 Rxa3+ 38. Kg4 Kg7
1/2-1/2

[Event "NED-ch"]
[Site "Netherlands"]
[Date "1992.??.??"]
[Round "?"]
[White "Klarenbeek, Hans"]
[Black "Bosboom, Manuel"]
[Result "1/2-1/2"]
[WhiteElo "2415"]
[BlackElo "2455"]
[PlyCount "82"]
[EventDate "1992.03.??"]
[EventType "tourn"]
[EventRounds "11"]
[EventCountry "NED"]
[EventCategory "10"]
[Source "ChessBase"]
[SourceDate "1996.11.15"]
[WhiteTeamCountry "AND"]
[BlackTeamCountry "ECU"]

1. d4 Nf6 2. c4 c5 3. d5 b5 4. cxb5 a6 5. e3 axb5 6. Bxb5 Qa5+ 7. Nc3 Bb7 8.
Nge2 Nxd5 9. O-O Nxc3 10. Nxc3 e6 11. e4 Nc6 12. Be3 Be7 13. f4 Rd8 14. f5 Qc7
15. Bf4 Qb6 16. a4 O-O 17. Bd6 c4+ 18. Kh1 Bxd6 19. Qxd6 exf5 20. exf5 Qd4 21.
Rad1 Qxd6 22. Rxd6 Ne5 23. a5 Ba8 24. h3 h5 25. f6 Rfe8 26. fxg7 Re6 27. Rd4
Rg6 28. Nd5 Kxg7 29. Nf4 Rg5 30. Bxc4 Nxc4 31. Rxc4 Rxa5 32. b4 Rf5 33. Rc5
Rxc5 34. bxc5 Rh8 35. Rd1 Bc6 36. Kh2 h4 37. g3 hxg3+ 38. Kxg3 Kf6 39. Rd6+ Kf5
40. Ne2 Rg8+ 41. Kf2 Ke5 1/2-1/2

[Event "Moscow rapid"]
[Site "Moscow"]
[Date "1992.??.??"]
[Round "?"]
[White "Kramnik, Vladimir"]
[Black "Tseshkovsky, Vitaly"]
[Result "1/2-1/2"]
[WhiteElo "2625"]
[BlackElo "2510"]
[PlyCount "53"]
[EventDate "1992.08.??"]
[EventType "swiss (rapid)"]
[EventRounds "9"]
[EventCountry "RUS"]
[Source "ChessBase"]
[SourceDate "1996.11.15"]
[WhiteTeamCountry "AND"]
[BlackTeamCountry "ECU"]

1. d4 Nf6 2. c4 c5 3. d5 b5 4. cxb5 a6 5. e3 Bb7 6. Nc3 axb5 7. Bxb5 Qa5 8.
Nge2 Nxd5 9. O-O Nxc3 10. Nxc3 e6 11. e4 Be7 12. Qd3 O-O 13. Qg3 Kh8 14. Bf4
Nc6 15. Rfe1 e5 16. Bxe5 Nxe5 17. Qxe5 Bf6 18. Qxc5 d6 19. Qf5 Qb4 20. Rab1 Be5
21. a4 g6 22. Qd7 Rab8 23. Bf1 f5 24. Qb5 Bxe4 25. Qxb4 Rxb4 26. Nxe4 fxe4 27.
b3 1/2-1/2

[Event "Zalakaros op 13th"]
[Site "Zalakaros"]
[Date "1994.??.??"]
[Round "7"]
[White "Portisch, Ferenc"]
[Black "Sergienko, Sergey"]
[Result "1-0"]
[WhiteElo "2385"]
[BlackElo "2410"]
[PlyCount "115"]
[EventDate "1994.??.??"]
[EventType "swiss"]
[EventRounds "9"]
[EventCountry "HUN"]
[Source "ChessBase"]
[SourceDate "1996.11.15"]
[WhiteTeamCountry "AND"]
[BlackTeamCountry "ECU"]

1. d4 Nf6 2. c4 c5 3. d5 b5 4. cxb5 a6 5. e3 axb5 6. Bxb5 Qa5+ 7. Nc3 Bb7 8.
Nge2 Nxd5 9. O-O Nxc3 10. Nxc3 e6 11. Qd3 Be7 12. Bd2 Qc7 13. Rfc1 Nc6 14. Na4
Qe5 15. f4 Qh5 16. Rc2 Rd8 17. Rac1 d6 18. Ba6 Bxa6 19. Qxa6 Qd5 20. Nb6 Nb8
21. Qa7 Qe4 22. b4 Bf6 23. Qa4+ Qc6 24. Qxc6+ Nxc6 25. bxc5 d5 26. a4 O-O 27.
a5 d4 28. a6 dxe3 29. Bxe3 Rd3 30. Kf2 Ra3 31. Rd2 Rxa6 32. Rd6 Nb4 33. c6 Ra2+
34. Kf3 Na6 35. c7 Nxc7 36. Rxc7 Ra3 37. Nd7 Be7 38. Rdc6 Re8 39. Rc8 Ra8 40.
Nb6 Raxc8 41. Rxc8 Rxc8 42. Nxc8 Bb4 43. Na7 f6 44. Nc6 Bd6 45. Nd8 e5 46. f5
e4+ 47. Kxe4 Bxh2 48. Kd5 Bc7 49. Ne6 Ba5 50. Nc5 Kf7 51. Nb7 Be1 52. Nd6+ Ke7
53. Bc5 g6 54. g4 gxf5 55. gxf5 h5 56. Ne4+ Kf7 57. Bd4 h4 58. Bf2 1-0

[Event "ESP-chT"]
[Site "Spain"]
[Date "1993.??.??"]
[Round "?"]
[White "Pinter, Jozsef"]
[Black "Cacho Reigadas, Sergio"]
[Result "1/2-1/2"]
[WhiteElo "2575"]
[BlackElo "2360"]
[PlyCount "124"]
[EventDate "1993.??.??"]
[EventType "team"]
[EventRounds "9"]
[EventCountry "ESP"]
[Source "ChessBase"]
[SourceDate "1996.11.15"]
[WhiteTeamCountry "AND"]
[BlackTeamCountry "ECU"]

1. d4 Nf6 2. c4 c5 3. d5 b5 4. cxb5 a6 5. e3 Bb7 6. Nc3 axb5 7. Bxb5 Qa5 8.
Nge2 Nxd5 9. O-O Nxc3 10. Nxc3 e6 11. a4 Be7 12. e4 O-O 13. Bf4 Qd8 14. Qd3 d5
15. exd5 exd5 16. Rfe1 d4 17. Ne4 Na6 18. Qg3 Bh4 19. Qh3 Bxe4 20. Rxe4 Bf6 21.
Rae1 Nc7 22. Bd3 g6 23. Bxc7 Qxc7 24. b3 Rad8 25. Qf3 Kg7 26. h4 Rd5 27. Qe2
Rfd8 28. g3 h5 29. Qd2 Re5 30. a5 Rxe4 31. Rxe4 Rd7 32. a6 Re7 33. Rxe7 Bxe7
34. Qa2 Qa7 35. Bc4 Bd8 36. Qe2 Bb6 37. Qe5+ Kf8 38. Qf6 d3 39. Qh8+ Ke7 40.
Qg7 d2 41. Qxf7+ Kd8 42. Qf6+ Kc8 43. Qd6 Qd7 44. Qxd7+ Kxd7 45. Be2 Kc6 46.
Kf1 Bd8 47. f4 Kb6 48. Kf2 Bf6 49. Bd1 Kxa6 50. Ke2 Bd4 51. Bc2 Kb6 52. Bxg6
Bf2 53. g4 hxg4 54. h5 Be3 55. h6 Bxf4 56. h7 Be5 57. Kxd2 Kb5 58. Bf7 g3 59.
Ke2 Kb4 60. Kf3 Kc3 61. Bd5 Kd4 62. Bc4 Kc3 1/2-1/2

[Event "YUG-ch"]
[Site "Kladovo"]
[Date "1991.??.??"]
[Round "6"]
[White "Subasic, Ilijas"]
[Black "Tesic, Dragan"]
[Result "1/2-1/2"]
[WhiteElo "2320"]
[BlackElo "2265"]
[PlyCount "89"]
[EventDate "1991.02.??"]
[EventType "swiss"]
[EventRounds "13"]
[EventCountry "YUG"]
[Source "ChessBase"]
[SourceDate "1996.11.15"]
[WhiteTeamCountry "AND"]
[BlackTeamCountry "ECU"]

1. d4 Nf6 2. c4 c5 3. d5 b5 4. cxb5 a6 5. f3 d6 6. e4 g6 7. Nc3 Bg7 8. a4 O-O
9. Bg5 h6 10. Bd2 e6 11. Bc4 axb5 12. Bxb5 exd5 13. exd5 Na6 14. Nge2 Nc7 15.
Bc6 Rb8 16. Bc1 Ba6 17. O-O Nd7 18. Re1 Ne5 19. Nf4 Bc4 20. Ra3 Nxc6 21. dxc6
d5 22. Nd3 Bxd3 23. Qxd3 Qd6 24. Nb5 Nxb5 25. axb5 c4 26. Qe3 Rxb5 27. Ra6 Rc8
28. Qe7 Qc5+ 29. Kf1 Qxe7 30. Rxe7 Bf8 31. Rd7 c3 32. b3 Rxb3 33. Ke2 Rb5 34.
Be3 Rb4 35. Rxd5 Rc4 36. Kd3 R4xc6 37. Rxc6 Rxc6 38. Kc2 Bg7 39. Bd4 Ra6 40.
Bxg7 Kxg7 41. Kxc3 Ra3+ 42. Kb2 Re3 43. Rd2 Kf6 44. Kc2 Ra3 45. Kd1 1/2-1/2

[Event "Russian Winter op"]
[Site "Moscow"]
[Date "1991.??.??"]
[Round "?"]
[White "Poluljahov, Aleksandr"]
[Black "Shashin, Alexsander A"]
[Result "1/2-1/2"]
[WhiteElo "2360"]
[BlackElo "2385"]
[PlyCount "77"]
[EventDate "1991.??.??"]
[EventType "swiss"]
[EventRounds "9"]
[EventCountry "URS"]
[Source "ChessBase"]
[SourceDate "1996.11.15"]
[WhiteTeamCountry "AND"]
[BlackTeamCountry "ECU"]

1. d4 Nf6 2. c4 c5 3. d5 b5 4. cxb5 a6 5. f3 g6 6. e4 d6 7. Na3 Bg7 8. Ne2 O-O
9. Nc3 Nbd7 10. Be2 Nb6 11. O-O e6 12. dxe6 Bxe6 13. Bg5 h6 14. Bh4 axb5 15.
Naxb5 Nc4 16. e5 Nxe5 17. Qxd6 Qxd6 18. Nxd6 Rfb8 19. Bb5 Nd5 20. Nxd5 Bxd5 21.
a4 Nc6 22. Ne4 Bd4+ 23. Kh1 Na7 24. Nf6+ Bxf6 25. Bxf6 Nxb5 26. axb5 Rxa1 27.
Rxa1 Rxb5 28. Ra6 g5 29. Rd6 c4 30. Kg1 Kh7 31. Bc3 h5 32. Rd8 Be6 33. Rh8+ Kg6
34. Rg8+ Kf5 35. Kf2 Rb7 36. g3 f6 37. Re8 Bf7 38. Rd8 Rb6 39. Rd7 1/2-1/2

[Event "AUT-chT"]
[Site "Austria"]
[Date "1994.??.??"]
[Round "?"]
[White "Stohl, Igor"]
[Black "Plachetka, Jan"]
[Result "1/2-1/2"]
[WhiteElo "2545"]
[BlackElo "2450"]
[PlyCount "81"]
[EventDate "1994.??.??"]
[EventType "team"]
[EventRounds "11"]
[EventCountry "AUT"]
[Source "ChessBase"]
[SourceDate "1996.11.15"]
[WhiteTeamCountry "AND"]
[BlackTeamCountry "ECU"]

1. d4 Nf6 2. c4 c5 3. d5 b5 4. cxb5 a6 5. f3 g6 6. e4 Bb7 7. bxa6 Nxa6 8. Nc3
d6 9. Bg5 Bg7 10. Qd2 O-O 11. Nh3 Qa5 12. Be2 Nc7 13. O-O e6 14. dxe6 Nxe6 15.
Bh6 Nd4 16. Bxg7 Kxg7 17. Nf4 Rfb8 18. Rfd1 Nd7 19. Bf1 Ne5 20. Qf2 Ba6 21.
Bxa6 Rxa6 22. Nfd5 Ra7 23. f4 Nec6 24. Rab1 Rab7 25. b3 Qa7 26. h3 Nb5 27. Nxb5
Rxb5 28. Nc3 Ra5 29. Rxd6 Nd4 30. Kh2 Ra3 31. Qh4 Rxa2 32. Qf6+ Kg8 33. Nxa2
Qxa2 34. Rc1 Qf2 35. Rd7 Rf8 36. Kh1 Ne2 37. Rcd1 Ng3+ 38. Kh2 Nxe4 39. Qe5
Qg3+ 40. Kg1 Qe3+ 41. Kh2 1/2-1/2

[Event "Moscow2"]
[Site "Moscow"]
[Date "1994.??.??"]
[Round "11"]
[White "Shipov, Sergei"]
[Black "Nesterov, Jakov"]
[Result "1/2-1/2"]
[WhiteElo "2525"]
[BlackElo "2460"]
[PlyCount "41"]
[EventDate "1994.??.??"]
[EventType "tourn"]
[EventRounds "11"]
[EventCountry "RUS"]
[EventCategory "7"]
[Source "ChessBase"]
[SourceDate "1996.11.15"]
[WhiteTeamCountry "AND"]
[BlackTeamCountry "ECU"]

1. d4 Nf6 2. c4 c5 3. d5 b5 4. cxb5 a6 5. f3 e6 6. e4 c4 7. Bxc4 Bc5 8. Ne2 Qb6
9. Nbc3 axb5 10. Bb3 O-O 11. Bg5 Ne8 12. Qd2 Bf2+ 13. Kf1 Bc5 14. Nd1 Na6 15.
Be3 d6 16. g3 e5 17. Kg2 f5 18. Bc2 fxe4 19. Bxe4 Nf6 20. Nec3 Ra7 21. Bd3
1/2-1/2

[Event "Alushta3"]
[Site "Alushta"]
[Date "1993.??.??"]
[Round "?"]
[White "Tosic, Miroslav"]
[Black "Fominyh, Alexander"]
[Result "1/2-1/2"]
[WhiteElo "2465"]
[BlackElo "2515"]
[PlyCount "53"]
[EventDate "1993.08.??"]
[EventType "tourn"]
[EventRounds "11"]
[EventCountry "UKR"]
[EventCategory "9"]
[Source "ChessBase"]
[SourceDate "1996.11.15"]
[WhiteTeamCountry "AND"]
[BlackTeamCountry "ECU"]

1. c4 Nf6 2. d4 c5 3. d5 b5 4. cxb5 a6 5. f3 e6 6. e4 c4 7. Bxc4 axb5 8. Bb3
Bc5 9. Ne2 O-O 10. Bg5 d6 11. Nbc3 h6 12. Bh4 b4 13. Na4 Ba7 14. dxe6 fxe6 15.
Nd4 g5 16. Nxe6 Bxe6 17. Bxe6+ Kg7 18. Bg3 Nc6 19. Bd5 Rc8 20. Bf2 Bxf2+ 21.
Kxf2 Qa5 22. h3 Ne5 23. Kg3 Qa7 24. Rf1 Qe3 25. Kh2 Qf4+ 26. Kg1 Qe3+ 27. Kh2
1/2-1/2

[Event "Moscow2"]
[Site "Moscow"]
[Date "1994.??.??"]
[Round "2"]
[White "Notkin, Maksim"]
[Black "Nesterov, Jakov"]
[Result "1/2-1/2"]
[WhiteElo "2485"]
[BlackElo "2460"]
[PlyCount "91"]
[EventDate "1994.??.??"]
[EventType "tourn"]
[EventRounds "11"]
[EventCountry "RUS"]
[EventCategory "7"]
[Source "ChessBase"]
[SourceDate "1996.11.15"]
[WhiteTeamCountry "AND"]
[BlackTeamCountry "ECU"]

1. d4 Nf6 2. c4 c5 3. d5 b5 4. cxb5 a6 5. f3 e6 6. e4 c4 7. Nc3 axb5 8. Nxb5
Ba6 9. Nc3 Bc5 10. Nh3 O-O 11. Bg5 Qb6 12. Qd2 Qb4 13. Bxf6 gxf6 14. Nf4 Kh8
15. Nh5 Rg8 16. Nxf6 Rg6 17. e5 d6 18. a3 Qa5 19. Nfe4 Nd7 20. exd6 e5 21. g3
Bd4 22. Bh3 Bc8 23. Bf5 Rg7 24. Ne2 Bxb2 25. Qxa5 Rxa5 26. Rb1 Rb5 27. Bxd7
Bxd7 28. Nf6 Bxa3 29. Kd2 Rg6 30. Nxd7 Rxd5+ 31. Ke1 Rgxd6 32. Nb6 Bb4+ 33.
Rxb4 Rd1+ 34. Kf2 Rxh1 35. Nxc4 Rxh2+ 36. Kg1 Rdh6 37. Rb2 Rh1+ 38. Kf2 Re6 39.
Ke3 h5 40. Nd2 Kg7 41. Ne4 Ra6 42. Kf2 Kg6 43. Kg2 Rha1 44. Rb5 R1a5 45. Rb8
Ra2 46. N4c3 1/2-1/2

[Event "URS-ch otbor56"]
[Site "Uzhgorod"]
[Date "1988.??.??"]
[Round "?"]
[White "Piskov, Yury"]
[Black "Vaisser, Anatoli"]
[Result "0-1"]
[WhiteElo "2415"]
[BlackElo "2530"]
[PlyCount "82"]
[EventDate "1988.??.??"]
[EventType "swiss"]
[EventRounds "11"]
[EventCountry "URS"]
[Source "ChessBase"]
[SourceDate "1996.11.15"]
[WhiteTeamCountry "AND"]
[BlackTeamCountry "ECU"]

1. d4 Nf6 2. c4 c5 3. d5 b5 4. cxb5 a6 5. f3 e6 6. e4 exd5 7. exd5 Qe7+ 8. Kf2
c4 9. Nc3 axb5 10. Be3 Bb7 11. Qd4 Qb4 12. Re1 Be7 13. d6 Nc6 14. Qd2 Qxd6 15.
Qxd6 Bxd6 16. Nxb5 Bb4 17. Nc7+ Ke7 18. Nxa8 Bxe1+ 19. Kxe1 Rxa8 20. Bxc4 Ne5
21. Bb3 Bd5 22. Ne2 Bxb3 23. axb3 Ra2 24. Bc1 Nd3+ 25. Kd2 Nxc1 26. Nxc1 Rxb2+
27. Ke3 Rxg2 28. Re1 Kd6 29. Re2 Nd5+ 30. Kd4 Rg1 31. Nd3 Rd1 32. Kc4 Rxd3 33.
Kxd3 Nf4+ 34. Ke3 Nxe2 35. Kxe2 Kc5 36. Kd3 Kb4 37. Kd4 Kxb3 38. Kd5 Kc3 39.
Kd6 Kd4 40. Kxd7 Ke3 41. Ke7 f5 0-1

[Event "YUG-chT"]
[Site "Cetinje"]
[Date "1990.??.??"]
[Round "8"]
[White "Lalic, Bogdan"]
[Black "Marinkovic, Ivan"]
[Result "1-0"]
[WhiteElo "2475"]
[BlackElo "2470"]
[PlyCount "57"]
[EventDate "1990.??.??"]
[EventType "team"]
[EventRounds "9"]
[EventCountry "YUG"]
[Source "ChessBase"]
[SourceDate "1996.11.15"]
[WhiteTeamCountry "AND"]
[BlackTeamCountry "ECU"]

1. d4 Nf6 2. c4 c5 3. d5 b5 4. cxb5 a6 5. f3 e6 6. e4 exd5 7. e5 Qe7 8. Qe2 Ng8
9. Nc3 Bb7 10. Nh3 Qd8 11. Nf4 Ne7 12. Nh5 Qb6 13. a4 axb5 14. Nxb5 Ng6 15. f4
Nc6 16. f5 O-O-O 17. fxg6 Re8 18. a5 Qd8 19. gxf7 Re6 20. a6 Ba8 21. Kd1 c4 22.
Qf2 g6 23. Na7+ Kb8 24. Nxc6+ Bxc6 25. Nf4 Rxe5 26. Ne2 Rf5 27. Qd4 Bd6 28. Be3
Rxf7 29. Nc3 1-0

[Event "Bad Mergentheim op"]
[Site "Bad Mergentheim"]
[Date "1989.??.??"]
[Round "?"]
[White "Komljenovic, Davor"]
[Black "Mainka, Romuald"]
[Result "1-0"]
[WhiteElo "2470"]
[BlackElo "2450"]
[PlyCount "60"]
[EventDate "1989.10.??"]
[EventType "swiss"]
[EventRounds "9"]
[EventCountry "GER"]
[Source "ChessBase"]
[SourceDate "1996.11.15"]
[WhiteTeamCountry "AND"]
[BlackTeamCountry "ECU"]

1. d4 Nf6 2. c4 c5 3. d5 b5 4. cxb5 a6 5. f3 e6 6. e4 exd5 7. e5 Qe7 8. Qe2 Ng8
9. Nc3 Bb7 10. Nh3 Qd8 11. Nf4 Ne7 12. g3 c4 13. a4 Qb6 14. Qf2 d4 15. Bxc4 Qc5
16. Ba2 Qxe5+ 17. Qe2 Qxe2+ 18. Ncxe2 Nf5 19. Bd5 Bb4+ 20. Kd1 d3 21. Bxb7
dxe2+ 22. Nxe2 Ra7 23. Be4 Nd6 24. b6 Rb7 25. Bxb7 Nxb7 26. Nc3 O-O 27. Nd5 Bc5
28. b4 Bd4 29. Ra3 Nc6 30. Re1 Nd6 1-0

[Event "Munich"]
[Site "Munich"]
[Date "1991.??.??"]
[Round "2"]
[White "Lobron, Eric"]
[Black "Hertneck, Gerald"]
[Result "0-1"]
[WhiteElo "2545"]
[BlackElo "2535"]
[PlyCount "38"]
[EventDate "1991.05.??"]
[EventType "tourn"]
[EventRounds "13"]
[EventCountry "GER"]
[EventCategory "14"]
[Source "ChessBase"]
[SourceDate "1996.11.15"]
[WhiteTeamCountry "AND"]
[BlackTeamCountry "ECU"]

1. d4 Nf6 2. c4 c5 3. d5 b5 4. cxb5 a6 5. f3 e6 6. e4 exd5 7. e5 Qe7 8. Qe2 Ng8
9. Nc3 Bb7 10. Nh3 c4 11. Qf2 axb5 12. Nf4 Qxe5+ 13. Kd1 Nf6 14. Bxc4 bxc4 15.
Re1 Ne4 16. Qb6 Bc6 17. Nfxd5 Bxd5 18. Nxe4 Be6 19. Qb7 Qa5 0-1

[Event "Lloyds Bank op"]
[Site "London"]
[Date "1990.??.??"]
[Round "?"]
[White "Conquest, Stuart"]
[Black "Hodgson, Julian M"]
[Result "1-0"]
[WhiteElo "2465"]
[BlackElo "2540"]
[PlyCount "59"]
[EventDate "1990.08.??"]
[EventType "swiss"]
[EventRounds "10"]
[EventCountry "ENG"]
[Source "ChessBase"]
[SourceDate "1996.11.15"]
[WhiteTeamCountry "AND"]
[BlackTeamCountry "ECU"]

1. d4 Nf6 2. c4 c5 3. d5 b5 4. cxb5 a6 5. f3 axb5 6. e4 Qa5+ 7. Bd2 b4 8. Na3
Ba6 9. Nc4 Bxc4 10. Bxc4 d6 11. Qe2 g6 12. f4 Bh6 13. Nh3 O-O 14. O-O Nfd7 15.
e5 dxe5 16. fxe5 Bxd2 17. Qxd2 Nxe5 18. Qh6 Ng4 19. Qg5 f5 20. Nf4 Kh8 21. Rf3
Rf6 22. Rh3 Qb6 23. Re1 Qd6 24. Rxe7 Qxe7 25. Nxg6+ Rxg6 26. Qxe7 Rg7 27. Qf8+
Rg8 28. Qxf5 Rg7 29. Rxh7+ Rxh7 30. Qf8# 1-0

[Event "Linares Anibal op 1st"]
[Site "Linares"]
[Date "1994.??.??"]
[Round "8"]
[White "Olafsson, Helgi"]
[Black "Nedobora, Mikhail"]
[Result "1/2-1/2"]
[WhiteElo "2535"]
[BlackElo "2460"]
[PlyCount "52"]
[EventDate "1994.01.??"]
[EventType "swiss"]
[EventRounds "9"]
[EventCountry "ESP"]
[Source "ChessBase"]
[SourceDate "1996.11.15"]
[WhiteTeamCountry "AND"]
[BlackTeamCountry "ECU"]

1. d4 Nf6 2. c4 c5 3. d5 b5 4. cxb5 a6 5. f3 axb5 6. e4 Qa5+ 7. Bd2 b4 8. Na3
d6 9. Nc4 Qa7 10. Bd3 Nbd7 11. Ne2 g6 12. O-O Bg7 13. a3 bxa3 14. Rxa3 Qb8 15.
Rxa8 Qxa8 16. Qa1 Qb8 17. Qa5 O-O 18. b4 cxb4 19. Bxb4 Qb7 20. Rb1 Qa6 21. Nc3
Bb7 22. e5 dxe5 23. Bxe7 Rb8 24. Qxa6 Bxa6 25. Nxe5 Nxd5 26. Nxd5 Bxe5 1/2-1/2

[Event "Kopavogur"]
[Site "Kopavogur"]
[Date "1994.??.??"]
[Round "?"]
[White "Olafsson, Helgi"]
[Black "Thorhallsson, Throstur"]
[Result "1/2-1/2"]
[WhiteElo "2535"]
[BlackElo "2470"]
[PlyCount "78"]
[EventDate "1994.04.??"]
[EventType "swiss"]
[EventRounds "9"]
[EventCountry "ISL"]
[Source "ChessBase"]
[SourceDate "1996.11.15"]
[WhiteTeamCountry "AND"]
[BlackTeamCountry "ECU"]

1. d4 Nf6 2. c4 c5 3. d5 b5 4. cxb5 a6 5. f3 axb5 6. e4 Qa5+ 7. Bd2 b4 8. Na3
d6 9. Nc4 Qa7 10. Bd3 g6 11. Ne2 Bg7 12. O-O O-O 13. a3 bxa3 14. Rxa3 Qb7 15.
Bc3 Na6 16. Qa1 Qb8 17. Rb1 Ne8 18. Ra5 Bb7 19. Qa4 Nb4 20. Bxb4 cxb4 21. Qxb4
Nc7 22. Qd2 Ba6 23. b4 Bxc4 24. Rxa8 Qb6+ 25. Kf1 Rxa8 26. Bxc4 Nb5 27. Bxb5
Qxb5 28. Qc2 Ra3 29. Qc8+ Bf8 30. Qc1 Ra2 31. Rb2 Ra6 32. Kf2 h5 33. Qc8 Ra3
34. h4 Qd3 35. Rc2 Qe3+ 36. Kf1 Ra1+ 37. Rc1 Ra2 38. Rc2 Ra1+ 39. Rc1 Ra2
1/2-1/2

[Event "Reggio Emilia-B 9192"]
[Site "Reggio Emilia"]
[Date "1992.??.??"]
[Round "2"]
[White "Arlandi, Ennio"]
[Black "Bukal, Vladimir Sr"]
[Result "1/2-1/2"]
[WhiteElo "2420"]
[BlackElo "2405"]
[PlyCount "151"]
[EventDate "1991.12.??"]
[EventType "tourn"]
[EventRounds "11"]
[EventCountry "ITA"]
[EventCategory "8"]
[Source "ChessBase"]
[SourceDate "1996.11.15"]
[WhiteTeamCountry "AND"]
[BlackTeamCountry "ECU"]

1. d4 Nf6 2. c4 c5 3. d5 b5 4. cxb5 a6 5. f3 axb5 6. e4 Qa5+ 7. Bd2 b4 8. Na3
d6 9. Nc4 Qa7 10. a3 g6 11. Bd3 Bg7 12. Ne2 O-O 13. O-O bxa3 14. Rxa3 Qb7 15.
Qc2 Nfd7 16. f4 Rxa3 17. bxa3 Qa7 18. Rb1 Nf6 19. h3 Ba6 20. a4 e6 21. Nc3 Nxe4
22. Nxe4 exd5 23. Nexd6 dxc4 24. Bxc4 Nc6 25. Kh1 Nd4 26. Qa2 Bxc4 27. Qxc4 Qd7
28. Ne4 Qf5 29. Re1 Rd8 30. Ng3 Qc2 31. Qxc2 Nxc2 32. Re2 Nd4 33. Re7 Ne6 34.
Ne4 Kf8 35. Rb7 f5 36. Nxc5 Nxc5 37. Bb4 Rd1+ 38. Kh2 Bd4 39. Rc7 Bg1+ 40. Kg3
Rc1 41. a5 Kg8 42. Rc8+ Kf7 43. Rc7+ Ke6 44. Rxh7 Na6 45. Re7+ Kf6 46. Re1 Rc7
47. Rxg1 Nxb4 48. Rb1 Nd5 49. Rb3 Ra7 50. Ra3 Ra6 51. Kf3 Ne7 52. g4 Nc6 53.
Rc3 Nxa5 54. Ra3 Ra7 55. Kg3 Nc6 56. Rd3 Ne7 57. Rd6+ Kf7 58. Kh4 Ra3 59. Kg5
Rxh3 60. Rf6+ Ke8 61. Ra6 fxg4 62. Kxg4 Rb3 63. Kg5 Rb5+ 64. Kf6 Rf5+ 65. Ke6
Kf8 66. Ra8+ Kg7 67. Kxe7 Rxf4 68. Ke6 Re4+ 69. Kd5 Re1 70. Ra2 g5 71. Ra6 Kf7
72. Kd4 g4 73. Kd3 g3 74. Ra2 Kf6 75. Rg2 Ra1 76. Ke4 1/2-1/2